| 000 | 00516nam a22001695i 4500 | ||
|---|---|---|---|
| 001 | 48191 | ||
| 003 | ES-MaACL | ||
| 005 | 20230906161718.0 | ||
| 007 | t| | ||
| 008 | 950706s1864 sz ||||1| fre d | ||
| 040 |
_aCAM _bspa _cCAM |
||
| 100 | 1 |
_aChastel, Etienne. _938169 |
|
| 245 | 1 | 3 |
_aLe christianisme dans l'age moderne _b: 1520-1800 / _cpar Etienne Chastel. |
| 260 |
_aParis : _bchez Joël Cherbuliez, _c1864 ( _eGeneve : _fImprimerie Bonnant) |
||
| 300 |
_aIX, 351 p. ; _c17 cm. |
||
| 852 |
_aES-MaACL _jD-1058 |
||
| 999 |
_c48191 _d48191 |
||